000 05380nam a22004817a 4500
008 090225t xxu||||| |||| 00| 0 eng d
010 _aB-340755-774
020 _a9788190746212
_c225.00
035 _aB-340755-774
037 _bI.K.International
040 _adpl
_bEnglish
082 _a620.1
100 _aSingal, R.K.
245 _aEngineering mechanics /
_cby R.K. Singal, Mridul Singal [and] Rishi Singal
260 _aNew Delhi
_bI.K. International Publishing House
_c2009
270 _aS-25, Green Park Extension, Uphaar Cinema Mrket,
_bNew Delhi
_e110016
300 _aVarious pagings
_c23cm. (pbk)
500 _aIncludes index
700 _aSingal, Mridul
700 _aSingal, Rishi
942 _2ddc
_cEN
_mSIN
_h620.1
999 _c24356
_d24356